| 000 | 00811nas a2200253 4500 | ||
|---|---|---|---|
| 001 | BR8601597 | ||
| 003 | BR-BrBNA | ||
| 005 | 20231205090419.0 | ||
| 007 | ta | ||
| 008 | 230509b bl.|||p| |||| 00| 00por d | ||
| 040 |
_aBR-BrBNA _bpor _cBiblioteca Nacional de Agricultura |
||
| 041 | _a(Pt) | ||
| 072 | _aF01 | ||
| 100 | 1 | _aAlcantara, V. de B.G. | |
| 100 | 1 | _aPaulino, V.T. | |
| 245 | 1 | _aFrequencia e altura de corte em cinco cultivares do genero Stylosanthes sw. | |
| 246 | 1 | _aFrequency and cutting height in five cultivars of the genus Stylosanthes sw. | |
| 650 | _aSTILOSANTE | ||
| 650 | _aVARIEDADE | ||
| 650 | _aCORTE | ||
| 773 | 0 |
_tBoletim de Industria Animal (Brazil) _xISSN 0067-9615 _g(1984), v. 41 p. 121-130 _wBR8601597 |
|
| 909 |
_a202311 _bLúcia _c55 _dLúcia Elande |
||
| 942 |
_2AGRIS _n0 _cANA |
||
| 999 |
_c118255 _d118255 |
||